| 000 | 00000nam##2200000za#4500 |
| 001 | 9.534708 |
| 003 | CaOODSP |
| 005 | 20200401011531 |
| 007 | ta |
| 008 | 150406|2000||||xxc||||| f|0| 0 eng|d |
| 020 | |a0-662-65398-X |
| 022 | |a0825-4559 |
| 040 | |aCaOODSP|beng |
| 041 | |aeng |
| 041 | |afre |
| 043 | |an-cn--- |
| 086 | 1 |aA54-9/29 |
| 110 | 1 |aCanada. |bAgriculture and Agri-Food Canada. |bResearch Branch. |
| 245 | 12|aA review of environmental impacts of the microbial insecticide Bacillus thuringiensis / |cby Kwang-Bo Joung and Jean-Charles Côté. |
| 260 | |aSaint-Jean-sur-Richelieu - Quebec : |bAgriculture and Agri-Food Canada. |c2000. |
| 300 | |aEnglish text, 16p. : |breferences, tables ; |c28 cm. |
| 490 | 1 |aTechnical bulletin|x0825-4559|v29 |
| 500 | |a"This document focuses on the environmental impacts of the use of conventional Bt-based commercial products as a microbial insect pests control agent."--Summary. |
| 520 | 3 |aThis document focuses on the environmental impacts of the use of conventional Bt-based commercial products as a microbial insect pests control agent.--Summary |
| 546 | |aBilingual |
| 563 | |aRing binding |
| 590 | |a01-20|b2001-05-18 |
| 690 | 07|aInsecticides|2gcpds |
| 690 | 07|aEnvironmental impact|2gcpds |
| 690 | 07|aPesticides|2gcpds |
| 690 | 07|aEcology|2gcpds |
| 720 | 1 |aJoung, Kwang-Bo |
| 720 | 1 |aCôté, Jean-Charles |
| 776 | 0#|tUne analyse des incidences environnementales de l'insecticide microbien Bacillus thuringiensis |w(CaOODSP)9.590783 |
| 776 | 0#|tA review of the environmental impacts of the microbial insecticide Bacillus thuringiensis |w(CaOODSP)9.557530 |
| 792 | |tUne analyse des incidences environnementales de l'insecticide microbien Bacillus thuringiensis / |efre|w(CaOODSP)9.534709 |
| 830 | #0|aTechnical bulletin,|x0825-4559|v29|w(CaOODSP)9.508926 |